[Event "Oberbayern-ch"]
[Site "Gmund am Tegernsee"]
[Date "1993.??.??"]
[Round "5"]
[White "Hamann, Carsten"]
[Black "Issakadze, Georgi"]
[Result "1-0"]
[WhiteElo "2020"]
[BlackElo "1965"]
[PlyCount "75"]
[EventDate "1993.??.??"]
[EventType "swiss"]
[EventRounds "7"]
[EventCountry "GER"]
[SourceTitle "EXT 2004"]
[Source "ChessBase"]
[SourceDate "2003.11.25"]
[SourceVersion "1"]
[SourceVersionDate "2003.11.25"]
[SourceQuality "1"]

1. e4 e5 2. f4 exf4 3. Nf3 d5 4. exd5 c6 5. dxc6 Nxc6 6. d4 Bd6 7. Bb5 Nf6 8. Qe2+ Kf8 9. 0-0 Bg4 10. Bxc6 bxc6 11. Qc4 Bxf3 12. Rxf3 g5 13. Nc3 Kg7 14. Bd2 Rb8 15. b3 Rb4 16. Qd3 g4 17. Rff1 f3 18. Qf5 Re8 19. Rae1 Bc7 20. Qg5+ Kf8 21. Qc5+ Kg7 22. Qg5+ Kh8 23. Rxe8+ Nxe8 24. Qxd8 Bxd8 25. gxf3 Bb6 26. Ne2 Rb5 27. Kg2 gxf3+ 28. Rxf3 Kg8 29. c4 Rh5 30. Ng3 Rh4 31. Nf5 Re4 32. Rg3+ Kh8 33. Bc3 f6 34. Kf3 Re6 35. d5 cxd5 36. cxd5 Re5 37. Bxe5 fxe5 38. Nh6 1-0

[Event "Oberbayern-ch"]
[Site "Gmund am Tegernsee"]
[Date "1993.??.??"]
[Round "1"]
[White "Issakadze, Georgi"]
[Black "Huch, Reiner"]
[Result "0-1"]
[WhiteElo "1965"]
[BlackElo "2105"]
[PlyCount "80"]
[EventDate "1993.??.??"]
[EventType "swiss"]
[EventRounds "7"]
[EventCountry "GER"]
[SourceTitle "EXT 2004"]
[Source "ChessBase"]
[SourceDate "2003.11.25"]
[SourceVersion "1"]
[SourceVersionDate "2003.11.25"]
[SourceQuality "1"]

1. e4 e6 2. d4 d5 3. Nc3 Nf6 4. Bg5 Bb4 5. Nge2 dxe4 6. a3 Be7 7. Ng3 0-0 8. Qd2 c6 9. Bc4 Nbd7 10. Ngxe4 Nxe4 11. Nxe4 Nf6 12. Bxf6 Bxf6 13. Rd1 b6 14. Qf4 Be7 15. h4 Bb7 16. Ng5 Bf6 17. Qg4 Qe7 18. Bd3 g6 19. Nxh7 Kxh7 20. h5 Kg7 21. hxg6 Rh8 22. gxf7+ Kxf7 23. Bg6+ Kf8 24. Rxh8+ Bxh8 25. Rd3 c5 26. Rh3 Qf6 27. Rh7 Bg7 28. Qg3 cxd4 29. Rh4 Qe5+ 30. Qxe5 Bxe5 31. f4 Bg7 32. g4 Rc8 33. Kd2 Ke7 34. Bd3 Rh8 35. Rh5 Rxh5 36. gxh5 Bh6 37. Ke2 Bxf4 38. Kf2 Kf6 39. c3 Bc1 40. cxd4 Bxb2 0-1